LEADER 01602nam0 22003491i 450 001 UON00262369 005 20231205103718.191 010 $a88-7016-193-5 100 $a20050324d1998 |0itac50 ba 101 $aita 102 $aIT 105 $a|||| 1|||| 200 1 $aGesł nel giudaismo del suo tempo alla luce delle pił recenti scoperte$fJames H. Charlesworth$gedizione italiana a cura di Domenico Tomasetto 205 $aSeconda edizione 210 $aTorino$cClaudiane$d1998 215 $a302 p.$cill.$d21 cm 312 $ain italiano tr. di Domenico Tomasetto$9UON00374263 410 1$1001UON00176496$12001 $aPiccola biblioteca teologica$1210 $aTorino$cClaudiana.$v30 500 0$3UON00374263$aJesus within Judaism. New light from exciting archaeological discoveries / James H. charlesworth$915590 606 $aCRISTIANESIMO$xTradizione giudiaca$3UONC011741$2FI 606 $aGESU' CRISTO$3UONC026303$2FI 620 $aIT$dTorino$3UONL000014 686 $aVOA VII BA$cVICINO ORIENTE ANTICO - RELIGIONE - CRISTIANESIMO$2A 700 1$aCHARLESWORTH$bJames H.$3UONV057614$0128584 702 1$aTOMASETTO$bDomenico$3UONV137758 712 $aClaudiana$3UONV260634$4650 801 $aIT$bSOL$c20241122$gRICA 899 $aSIBA - SISTEMA BIBLIOTECARIO DI ATENEO$2UONSI 912 $aUON00262369 950 $aSIBA - SISTEMA BIBLIOTECARIO DI ATENEO$dSI VOA VII BA 089 N $eSI SA 113053 5 089 N 996 $aJesus within Judaism. New light from exciting archaeological discoveries$915590 997 $aUNIOR